Stabilita potlačených obalových materiálov
Guardado en:
| Autor principal: | |
|---|---|
| Otros Autores: | |
| Formato: | Manuscrito Libro |
| Lenguaje: | eslovaco |
| Materias: | |
| Acceso en línea: | http://is.stuba.sk/zp/portal_zp.pl?podrobnosti=103217 |
| Etiquetas: |
Sin Etiquetas, Sea el primero en etiquetar este registro!
|
MARC
| LEADER | 00000ntm a22000003a 4500 | ||
|---|---|---|---|
| 001 | stuzp47168 | ||
| 003 | SK-STU | ||
| 005 | 20150617230331.0 | ||
| 007 | ta | ||
| 008 | 150427s2015----xo-----f-mn---000-0-slo-d | ||
| 040 | |a STU |b slo | ||
| 041 | 0 | |a slo | |
| 100 | 1 | |a Štromajer, Zuzana, |d 1989- |u 049160 |4 aut |U FCHPT Ústav prírodných a syntetických polymérov |T FCHPT Oddelenie polygrafie a aplikovanej fotochémie |X 50575 |U C9160 |Y 127 |7 A00000050575 | |
| 242 | 0 | 1 | |a Stability of printed packaging materials |y eng |
| 245 | 1 | 0 | |a Stabilita potlačených obalových materiálov |
| 650 | 4 | |a LDPE fólia |2 slo | |
| 650 | 4 | |a urýchlené starnutie |2 slo | |
| 650 | 4 | |a UV Vis |2 slo | |
| 650 | 4 | |a rašelina |2 slo | |
| 650 | 4 | |a FTIR |2 slo | |
| 650 | 4 | |a accelerated ageing |2 eng | |
| 650 | 4 | |a FTIR |2 eng | |
| 650 | 4 | |a UV Vis |2 eng | |
| 650 | 4 | |a LDPE foil |2 eng | |
| 650 | 4 | |a peat substrate |2 eng | |
| 700 | 1 | |a Jančovičová, Viera, |d 1962- |4 ths |X 3376 |7 A000003376 | |
| 856 | 4 | |u http://is.stuba.sk/zp/portal_zp.pl?podrobnosti=103217 | |
| SQL | |a stuzp47168 |b DDP |c SLO |d Stabilita potlačených obalových materiálov |e 50575 |f Štromajer, Zuzana |g 049160 |h 3376 |i Jančovičová, Viera |j 20140610 |k 542 |l 04 |m http://is.stuba.sk/zp/portal_zp.pl?podrobnosti=103217 | ||